000
00351nam a2200157Ia 4500
100
_a
Johnson/Curtis
250
_a
4
942
_c
BK
654
_a
Process control
245
_a
Process Control Instrumentation Technology
260
_b
Prentice Hall of India
_c
2001
082
_a
658.5
_b
JOH
300
_a
592
546
_a
ENGLISH
999
_c
20653
_d
20653